|
|
|
|
| LEADER |
00000cam a2200000 a 4500 |
| 001 |
vtls001100747 |
| 003 |
SK-MaSNL |
| 005 |
20260301183033.0 |
| 008 |
240226s1980 xo a r 100 0 slo |
| 015 |
|
|
|a SNBA1981
|
| 020 |
|
|
|q (viazané)
|
| 035 |
|
|
|a SNK000043589
|
| 035 |
|
|
|a CA522434-B52A-435D-96A7-154006FF2D62
|
| 035 |
|
|
|a urn:nbn:sk:snk-am00iif5
|
| 040 |
|
|
|a SNK
|b slo
|c SNK
|e AACR2
|
| 041 |
0 |
|
|a slo
|a cze
|b rus
|
| 044 |
|
|
|a xo
|c SK
|
| 072 |
|
7 |
|a 376
|x Výchova a vzdelávanie zvláštnych skupín osôb
|2 konspekt
|
| 080 |
|
|
|a 376.3:37.013.82(08)
|2 1981
|
| 080 |
|
|
|a 37.013.82(08)
|2 1981
|
| 080 |
|
|
|a 37.013.82
|2 1981
|
| 080 |
|
|
|a 376.3(08)
|2 1981
|
| 080 |
|
|
|a 615.851.4(08)
|2 1981
|
| 100 |
1 |
|
|a Baláž, Jozef,
|d 1939-
|4 aut
|4 com
|9 86642
|
| 245 |
1 |
0 |
|a Komunikačné problémy detí s viacerými chybami
|c Jozef Baláž a kolektív
|
| 250 |
|
|
|a 1. vyd.
|
| 260 |
|
|
|a Bratislava
|b Slovenské pedagogické nakladateľstvo
|c 1980
|e Martin
|f Tlačiarne SNP
|
| 300 |
|
|
|a 278 s.
|b schémy, tabuľky
|c 25 cm
|
| 366 |
|
|
|e 6050 výtl.
|
| 500 |
|
|
|a Lit. 195. Čl. aj čes. Res. aj čes. a rus. Súbež. obsah rus. 195 zázn. lit. o knihách, čl. a zbor. v jaz. slov., čes., rus., nem., angl., franc. a maď.
|
| 504 |
|
|
|a Obsahuje bibliografické odkazy
|
| 546 |
|
|
|a Čiastočný český text, ruské resumé
|
| 650 |
0 |
7 |
|a špeciálna pedagogika
|2 SNKPH
|9 958
|
| 650 |
0 |
7 |
|a logopédia
|2 SNKPH
|9 921
|
| 650 |
0 |
7 |
|a postihnuté dieťa
|2 SNKPH
|9 557747
|
| 650 |
0 |
7 |
|a terapia
|2 SNKPH
|9 781
|
| 655 |
|
7 |
|a zborníky
|2 SNKPH
|9 70165
|
| 852 |
|
|
|a Slovenská národná knižnica
|
| 954 |
|
|
|a odborná, vedecká literatúra pôvodná (slovenská)
|
| 958 |
|
|
|a OND
|
| 958 |
|
|
|a NB
|
| 958 |
|
|
|a TL
|
| 958 |
|
|
|a EUIPO
|
| 999 |
|
|
|c 855651
|d 857581
|
| 952 |
|
|
|t P60, <04>, [BOOK], {604}
|a SNK
|b SNK
|y VYP
|7 0
|p 17A0036080
|o snkSC 51236 D1
|0 0
|1 0
|4 0
|d 1997-02-10
|l 0
|r 2004-12-31 00:00:00
|w 2026-02-24
|
| 952 |
|
|
|a SNK
|b SNK
|y PREZ
|7 0
|p 17A0851638
|o snkSC 51236
|i snkKSP 104/81
|0 0
|1 0
|4 0
|d 2012-08-01
|f 1
|l 0
|r 2025-11-04 00:00:00
|w 2026-02-24
|